[Event "Curitiba"]
[Site "Curitiba"]
[Date "1999.05.19"]
[Round "6"]
[White "Matsuura, Everaldo"]
[Black "Cubas, Jose Fernando"]
[Result "0-1"]
[WhiteElo "2380"]
[BlackElo "2198"]

1.e4 c5 2.c3 Nf6 3.e5 Nd5 4.d4 cxd4 5.Nf3 Nc6 6.Bc4 Nb6 7.Bb3 d5 8.exd6 Qxd6
9.O-O Be6 10.Na3 a6 11.Ng5 Bd5 12.Re1 h6 13.Ne4 Bxe4 14.Rxe4 e6 15.Bf4 Qd7
16.cxd4 Bxa3 17.bxa3 Nd5 18.Rc1 Nxf4 19.Rxf4 Rd8 20.Qg4 O-O 21.Rd1 Qe7 22.Rf3 Qg5
23.Qe4 Nxd4 24.Rfd3 Nc6 25.h4 Qf6 26.Bc2 Rxd3 27.Bxd3 Rd8 28.Rb1 Na5 29.Rc1 g6
30.h5 Qf5 31.Qxf5 gxf5 32.Rc3 Rd6 33.f4 Rc6 34.Rxc6 Nxc6 35.Kf2 Kf8 36.Ke3 Ke7
37.Be2 Kd6 38.Bf3 Kc5 39.Kd3 b6 40.Bxc6 Kxc6 41.Kd4 Kd6 42.a4 b5 43.axb5 axb5
44.g3 f6  0-1

[Event "Zalakaros Kupa 18th"]
[Site "Zalakaros"]
[Date "1999.05.19"]
[Round "8"]
[White "Neber, Zsolt"]
[Black "Bauer, Peter"]
[Result "1/2-1/2"]
[WhiteElo "100"]
[BlackElo "2127"]

1.e4 c5 2.c3 Nf6 3.e5 Nd5 4.d4 e6 5.Nf3 Nc6 6.Bd3 d6 7.exd6 cxd4 8.cxd4 Bxd6
9.Nc3 O-O 10.O-O Be7 11.Qc2 g6 12.a3 Bf6 13.Be3 Nde7 14.Rfd1 Nd5 15.Nxd5 exd5
16.h3 Be6 17.Rac1 Rc8 18.Qb3 Qb6 19.Qxb6 axb6 20.Kf1 Na5 21.Ne5 Nb3 22.Rc2 Rfd8
23.Re2 Bg7 24.Bc2 Na5 25.Ba4 Nc4 26.Nxc4 Rxc4 27.Bb3 Rcc8 28.Rc2 Rxc2 29.Bxc2 Bd7
30.Bb3 Kf8 31.Rc1  1/2-1/2

[Event "Zalakaros Kupa 18th"]
[Site "Zalakaros"]
[Date "1999.05.20"]
[Round "9"]
[White "Tompa, Janos"]
[Black "Vaulin, Alexander"]
[Result "1/2-1/2"]
[WhiteElo "2400"]
[BlackElo "2547"]

1.e4 c5 2.c3 Nf6 3.e5 Nd5 4.d4 cxd4 5.Nf3 e6 6.Qxd4 Nc6 7.Qe4 d6 8.Nbd2 dxe5
9.Nxe5 Nxe5 10.Qxe5 Qd6 11.Bb5+ Bd7 12.Bxd7+ Kxd7 13.Nc4 Qxe5+ 14.Nxe5+ Ke7
15.Bd2 f6 16.Nd3 Kf7 17.Ke2 e5 18.Rad1 Be7 19.Be3 Rhd8 20.f3 Ke6 21.Bc5 Rac8
22.Bxe7 Kxe7 23.g3 b5 24.Rd2 Nb6 25.Rc1 g5 26.b3 h5 27.Nf2 Rxd2+ 28.Kxd2 Ke6
29.Re1 Nd5 30.Rc1 Nb6 31.Re1 Nd5 32.Rc1 f5 33.c4 bxc4 34.Rxc4 Rxc4 35.bxc4 Nb6
36.Kd3 Nd7 37.h3 Nc5+ 38.Ke2 Kd6 39.g4 hxg4 40.hxg4 f4 41.Nh3 Ne6 42.Kd3 Nc5+
43.Ke2 Ne6 44.Kd3 Nc5+  1/2-1/2

[Event "Ostrava zt (Women)"]
[Site "Ostrava"]
[Date "1999.05.26"]
[Round "5"]
[White "Jicman, Ligia"]
[Black "Genova, Ruzka"]
[Result "0-1"]
[WhiteElo "2236"]
[BlackElo "2238"]

1.e4 c5 2.c3 Nf6 3.e5 Nd5 4.d4 cxd4 5.Nf3 e6 6.cxd4 b6 7.Nc3 Nxc3 8.bxc3 Qc7
9.Bd2 d6 10.Bd3 Nd7 11.O-O dxe5 12.dxe5 Bb7 13.Re1 g6 14.Nd4 a6 15.Qg4 Be7
16.Rad1 Bd5 17.Be4 h5 18.Qh3 Bxe4 19.Rxe4 Qb7 20.Rde1 Nc5 21.R4e2 Qd5 22.Be3 Nd3
23.Rb1 b5 24.Rd2 Qe4 25.Nc2 Nxe5 26.Bd4 Nc4 27.Rd3 O-O 28.Re1 Qg4 29.Qxg4 hxg4
30.Re4 Rfd8 31.Ne3 e5 32.Nxc4 bxc4 33.Rd1 Bf6 34.Rxg4 exd4 35.cxd4 c3 36.Rc1 Rxd4  0-1

[Event "Ostrava zt (Women)"]
[Site "Ostrava"]
[Date "1999.05.26"]
[Round "5"]
[White "Krupkova, Petra"]
[Black "Cosma, Elena Luminita"]
[Result "1/2-1/2"]
[WhiteElo "2349"]
[BlackElo "2365"]

1.e4 c5 2.c3 Nf6 3.e5 Nd5 4.d4 cxd4 5.Nf3 Nc6 6.Bc4 Nb6 7.Bb3 d6 8.exd6 Qxd6
9.O-O Be6 10.Bxe6 Qxe6 11.Nxd4 Nxd4 12.cxd4 Rd8 13.Nc3 Qc4 14.Qf3 Nd5 15.Nxd5 Qxd5
16.Qxd5 Rxd5 17.Bf4 g5 18.Be3 e6 19.Rac1 Kd7 20.Rc2 Bd6 21.Rfc1 h6 22.f3 f5
23.h3 f4 24.Bf2 h5 25.Kf1 Re8 26.Rc4 b6 27.b3 e5 28.dxe5 Rexe5 29.Ra4 Ra5
30.Rxa5 Rxa5 31.a4 Re5 32.Re1 Rd5 33.Ke2 Ke6 34.Rd1 Re5+ 35.Kd3 Bc5  1/2-1/2

[Event "CRO-Cup"]
[Site "Pula"]
[Date "1999.05.27"]
[Round "4"]
[White "Podobnik, Marijan"]
[Black "Nikolic, Emil"]
[Result "1/2-1/2"]
[WhiteElo "2301"]
[BlackElo "2180"]

1.e4 c5 2.c3 Nf6 3.e5 Nd5 4.d4 cxd4 5.Nf3 e6 6.cxd4 Nc6 7.Nc3 Nxc3 8.bxc3 d6
9.Bf4 Be7 10.Bd3 a6 11.O-O dxe5 12.dxe5 h6 13.Qe2 Qc7 14.a4 Bd7 15.Rab1 Na5
16.c4 Bxa4 17.Qa2 Bd7 18.Nd4 Bc5 19.Nf3 Nc6 20.Be4 a5 21.Qe2 Nb4 22.Ra1 Bc6
23.Bb1 Ke7 24.Be3 Qb6 25.Nd2 Rhd8 26.Nb3 Bxe3 27.fxe3 Qc7 28.Qh5 Rf8 29.Nd4  1/2-1/2

[Event "CRO-Cup"]
[Site "Pula"]
[Date "1999.05.27"]
[Round "4"]
[White "Stevic, Hrvoje"]
[Black "Fercec, Nenad"]
[Result "1/2-1/2"]
[WhiteElo "2465"]
[BlackElo "2495"]

1.e4 c5 2.c3 Nf6 3.e5 Nd5 4.Nf3 e6 5.Bc4 d6 6.d4 cxd4 7.cxd4 Be7 8.O-O O-O
9.Qe2 Nc6 10.Rd1 Nb6 11.Bb3 d5 12.Nbd2 Bd7 13.Nf1 a6 14.Ng3 Rc8 15.Nh5 Nb4
16.Ne1 g6 17.Qg4 f5 18.exf6 Bxf6 19.Nxf6+ Qxf6 20.Qg3 Ba4 21.Bh6 Bxb3 22.axb3 Rf7
23.Rac1 Nc6 24.Nf3 Nd7 25.Rc3 Re8 26.h3 Qf5 27.Bg5 Nf6 28.Nh4 Qe4 29.Be3 Ne7
30.Bg5 Qe2 31.Qf3 Qxf3 32.Rxf3 Ne4 33.Bxe7 Rfxe7 34.Re3 Rc8 35.f3 Nd6 36.g4 Rc2
37.Ng2 Kf7 38.Nf4 Nb5 39.Re2 Rxe2 40.Nxe2 Rc7 41.Rd2 g5 42.Kf2 Ke7 43.Kg3 Rc6
44.h4 h6 45.hxg5 hxg5 46.Kf2 Nd6 47.Ke3 Rc8 48.Nc3 Rh8 49.Na4 Rh3 50.Rc2 Nb5
51.Rc8 Rh2 52.Rg8 Kf6 53.Rf8+ Ke7 54.Rg8 Kf6 55.Rf8+ Ke7 56.Rg8 Kf6  1/2-1/2

[Event "Guillermo Garcia mem-A"]
[Site "Santa Clara"]
[Date "1999.05.27"]
[Round "4"]
[White "Otero, Diosmany"]
[Black "Gongora, Maikel"]
[Result "0-1"]
[WhiteElo "2403"]
[BlackElo "2427"]

1.e4 c5 2.c3 Nf6 3.e5 Nd5 4.d4 cxd4 5.Qxd4 e6 6.Nf3 Nc6 7.Qe4 d6 8.c4 f5
9.Qe2 Qa5+ 10.Bd2 Ndb4 11.exd6 Bxd6 12.Bc3 Be7 13.g3 e5 14.a3 e4 15.Nfd2 Nc2+
16.Kd1 N2d4 17.Bxa5 Nxe2 18.Bxe2 Nxa5 19.Nc3 Be6 20.Nd5 Rd8 21.Nc7+ Kf7 22.Nxe6 Kxe6
23.Kc2 Nc6 24.Rae1 Nd4+ 25.Kb1 Bg5 26.f4 Nxe2 27.Rxe2 Bf6 28.Kc2 Rd4 29.Rhe1 Rhd8
30.b3 Rd3 31.Nb1 h5 32.Re3 h4 33.b4 R8d4 34.Rxd3 Rxd3 35.Rg1 Bd4 36.Rg2 Rf3
37.a4 hxg3 38.hxg3 Rf2+ 39.Rxf2 Bxf2 40.Nc3 Bxg3 41.Nd5 Bh4 42.Kd2 Bd8 43.Ke3 g5
44.Kd4 Bf6+ 45.Ke3 Bb2 46.fxg5 Bc1+ 47.Kd4 Bxg5 48.Nc7+ Kd7 49.Nd5 Bh6 50.Nf6+ Ke6
51.Nh5 Bc1 52.Ng7+ Kf6 53.Ne8+ Ke7 54.Nc7 Bb2+ 55.Ke3 Kf6 56.Nb5 Ke5 57.c5 f4+
58.Kf2 Bd4+ 59.Kg2 a5 60.Na7 Kd5 61.bxa5 Kxc5 62.Nc8 Kb4  0-1

[Event "Ostrava zt (Women)"]
[Site "Ostrava"]
[Date "1999.05.29"]
[Round "8"]
[White "Vajda, Szidonia"]
[Black "Peptan, Corina"]
[Result "1/2-1/2"]
[WhiteElo "2340"]
[BlackElo "2427"]

1.e4 c5 2.c3 Nf6 3.e5 Nd5 4.d4 cxd4 5.Nf3 e6 6.cxd4 d6 7.a3 Be7 8.Bd3 Bd7
9.O-O Bc6 10.Re1 Nd7 11.b4 a6 12.Nbd2 dxe5 13.dxe5 Nc3 14.Qb3 Nc5 15.Qxc3 Qxd3
16.Bb2 Qxc3 17.Bxc3 Nd3 18.Re3 Nf4 19.Nd4 Nxg2 20.Rg3 Nf4 21.Rg4 Nh3+ 22.Kf1 Bd5
23.Rxg7 h5 24.Rg3 Nf4 25.Ne2 Ng6 26.Bd4 Rc8 27.Rc1 Rxc1+ 28.Nxc1 h4 29.Rc3 Rh5
30.Nd3 Rg5 31.Be3 Rf5 32.Bd4 Nf4 33.Nxf4 Rxf4 34.Be3 Rf5 35.f4 Bg5 36.Nc4 Be7
37.Ke2 f6 38.exf6 Rxf6 39.Ne5 Bd6 40.Rc8+ Ke7 41.Rh8 Bxe5  1/2-1/2

[Event "Tuscon m"]
[Site "Tuscon"]
[Date "1999.05.29"]
[Round "2"]
[White "Shaked, Tal"]
[Black "Krush, Irina"]
[Result "1/2-1/2"]
[WhiteElo "2477"]
[BlackElo "2375"]

1.e4 c5 2.c3 Nf6 3.e5 Nd5 4.Nf3 e6 5.d4 cxd4 6.cxd4 b6 7.Bd3 Ba6 8.O-O Be7
9.Nc3 Nxc3 10.bxc3 O-O 11.Bxa6 Nxa6 12.Qd3 Nc7 13.c4 d5 14.exd6 Qxd6 15.a4 Na6
16.a5 Nb4 17.Qe4 Rac8 18.Bf4 Qc6 19.Qxc6 Nxc6 20.axb6 axb6 21.Rfb1  1/2-1/2

[Event "Rhein Main op"]
[Site "Frankfurt"]
[Date "1999.06.03"]
[Round "3"]
[White "Zaitsev, Mikhail"]
[Black "Enzmann, Steffen"]
[Result "1-0"]
[WhiteElo "2274"]
[BlackElo "2124"]

1.e4 c5 2.c3 Nf6 3.e5 Nd5 4.d4 Nc6 5.Nf3 cxd4 6.cxd4 g6 7.Qb3 e6 8.Nc3 d6
9.Nxd5 exd5 10.Bb5 a6 11.Bxc6+ bxc6 12.O-O Bg7 13.Qa4 O-O 14.Qxc6 Bg4 15.Bg5 Qa5
16.Qxd6 Rfe8 17.b4 Qb5 18.a4 Qb7 19.Rfc1 Bxf3 20.gxf3 Bf8 21.Rc7  1-0

[Event "Pula op 13th"]
[Site "Pula"]
[Date "1999.06.06"]
[Round "8"]
[White "Stevic, Hrvoje"]
[Black "Kutuzovic, Branko"]
[Result "1-0"]
[WhiteElo "2465"]
[BlackElo "2465"]

1.e4 c5 2.c3 Nf6 3.e5 Nd5 4.Nf3 d6 5.Bc4 e6 6.d4 cxd4 7.cxd4 Nd7 8.O-O N7b6
9.Bb3 Bd7 10.Ng5 h6 11.Qh5 g6 12.Qh3 dxe5 13.dxe5 Bg7 14.Nf3 Qc7 15.Nc3 Nxc3
16.bxc3 Nc4 17.Bxc4 Qxc4 18.Ba3 Qxc3 19.Bd6 Rc8 20.Rab1 b6 21.Rb3 Qc1 22.Rb4 Rc3
23.Qh4 g5 24.Qd4 Rc8 25.h4 Qc3 26.Qg4 Bf8 27.hxg5 hxg5 28.Rd4 Bc6 29.Rc4  1-0

[Event "Salongernas Elo"]
[Site "Stockholm"]
[Date "1999.06.06"]
[Round "2"]
[White "Ullen, Jan"]
[Black "Lappalainen, Tommy"]
[Result "1/2-1/2"]
[WhiteElo "2175"]
[BlackElo "2315"]

1.e4 c5 2.c3 Nf6 3.e5 Nd5 4.d4 cxd4 5.Bc4 Nb6 6.Bb3 d5 7.cxd4 Nc6 8.Ne2 Bf5
9.O-O e6 10.Ng3 Bxb1 11.Rxb1 a5 12.a3 Nc4 13.Ba4 f5 14.exf6 Qxf6 15.Nh5 Qg6
16.Bc2 Qf7 17.Nf4 Kd7 18.Re1 Re8 19.b4 axb4 20.axb4 b5 21.Bd3 Bxb4 22.Bxc4 dxc4
23.Re5 Nxe5 24.dxe5+ Kc7 25.Qf3 Qe7 26.Ra1 Kb6 27.Be3+ Bc5 28.Qe4 Rc8 29.Bd2 b4
30.Kf1 Qd7 31.Qxc4 Qb5 32.Qxb5+ Kxb5 33.Nxe6 Rhe8 34.Nxc5 Rxc5 35.f4 Rc2
36.Be3 g5 37.g3 gxf4 38.gxf4 b3 39.Rb1 Kc4 40.Bc1 Kc3 41.Ke1 b2 42.Bxb2+ Rxb2
43.Rxb2 Kxb2 44.Ke2 Kc2 45.Ke3 Kc3 46.Ke4 Kc4 47.f5 Kc5  1/2-1/2

[Event "Hotel Irottko GM"]
[Site "Koszeg"]
[Date "1999.06.24"]
[Round "2"]
[White "Estrada Nieto, Julian"]
[Black "Ruck, Robert"]
[Result "1/2-1/2"]
[WhiteElo "2370"]
[BlackElo "2492"]

1.e4 c5 2.c3 Nf6 3.e5 Nd5 4.Nf3 e6 5.Bc4 d6 6.d4 cxd4 7.cxd4 Nb6 8.Bb3 Bd7
9.Nc3 Bc6 10.O-O Be7 11.Qe2 Bxf3 12.Qxf3 d5 13.Qg4 Kf8 14.Qh5 Nc6 15.Rd1 g6
16.Bh6+ Kg8 17.Qg4 Bf8 18.Bg5 Be7 19.Bh6 Bf8 20.Bg5 Be7 21.Bh6  1/2-1/2

[Event "FRA-Cup sf"]
[Site "Monaco"]
[Date "1999.06.26"]
[Round "1"]
[White "Appendino, Jerome"]
[Black "Moingt, Jean Claude"]
[Result "1-0"]
[WhiteElo "2170"]
[BlackElo "2290"]

1.e4 c5 2.c3 Nf6 3.e5 Nd5 4.d4 cxd4 5.Bc4 Qc7 6.Qe2 Nb6 7.Bd3 Nc6 8.Nf3 g6
9.O-O Bg7 10.Bf4 dxc3 11.Nxc3 O-O 12.Bg3 Nb4 13.e6 Qc5 14.exf7+ Rxf7 15.Ne4 Qa5
16.Neg5 Rf8 17.Bb1 N4d5 18.a3 h6 19.Ne4 Nf4 20.Bxf4 Rxf4 21.b4 Qf5 22.Nc5 Qf6
23.Ba2+ d5 24.Nd2 Kh7 25.Rae1 e5 26.Nd3 Rd4 27.Nc5 Bh3 28.f4 Bg4 29.Qxg4 Rxd2
30.fxe5 Qg5 31.Qxg5 hxg5 32.Bb1 Nc4 33.Rf7 Kg8 34.e6 b6 35.Nd7 Bd4+ 36.Kh1 Nxa3
37.Bxg6 Re8 38.h3 Nc2 39.e7 Nxe1 40.Rf8+ Kg7  1-0

[Event "FRA-Cup final"]
[Site "Monaco"]
[Date "1999.06.27"]
[Round "2"]
[White "Appendino, Jerome"]
[Black "Roser, Kevin"]
[Result "1/2-1/2"]
[WhiteElo "2170"]
[BlackElo "2319"]

1.e4 c5 2.c3 Nf6 3.e5 Nd5 4.d4 cxd4 5.Bc4 Qc7 6.Qe2 Nb6 7.Bd3 d5 8.exd6 Qxd6
9.h3 Nc6 10.Nf3 g6 11.O-O Bg7 12.cxd4 O-O 13.Nc3 Be6 14.Be3 Nb4 15.b3 Nxd3
16.Qxd3 Bf5 17.Qd2 Nd5 18.Rac1 Rfd8 19.Rfd1 Nxc3 20.Rxc3 Rac8 21.Rc5 b6 22.Rxc8 Rxc8
23.Rc1 Qd8 24.Ne5 Be4 25.Rxc8 Qxc8 26.Qc1 Qxc1+ 27.Bxc1 e6 28.f3 Bd5 29.Kf2 Bf8
30.Ke2 f6 31.Ng4 Kf7 32.Kd3 Bd6 33.Ne3 Bc6 34.a4 h5 35.Nc4 Bc7 36.Ba3 Bd5
37.Kc3 g5 38.Nd6+ Bxd6 39.Bxd6 g4 40.hxg4 hxg4 41.fxg4 Bxg2  1/2-1/2

[Event "Ljubljana op 10th"]
[Site "Ljubljana"]
[Date "1999.06.28"]
[Round "4"]
[White "Fercec, Nenad"]
[Black "Gomboc, Miha"]
[Result "1-0"]
[WhiteElo "2495"]
[BlackElo "2113"]

1.e4 c5 2.c3 Nf6 3.e5 Nd5 4.d4 cxd4 5.Nf3 e6 6.cxd4 b6 7.Nc3 Nxc3 8.bxc3 Qc7
9.Bd2 Bb7 10.Bd3 d6 11.O-O Be7 12.Re1 Nd7 13.Bf4 dxe5 14.Nxe5 Nxe5 15.Bxe5 Bd6
16.Bb5+ Bc6 17.Bxc6+ Qxc6 18.d5 Qc7 19.Qa4+ Ke7 20.Bxg7 Rhg8 21.Qh4+  1-0

[Event "EUCup99 (Women)"]
[Site "Nova Gorica"]
[Date "1999.06.28"]
[Round "1"]
[White "Hausmann, Ilka"]
[Black "Nikolin, Zorica"]
[Result "1-0"]
[WhiteElo "2166"]
[BlackElo "2212"]

1.e4 c5 2.c3 Nf6 3.e5 Nd5 4.d4 cxd4 5.Nf3 e6 6.cxd4 Nc6 7.Nc3 Nxc3 8.bxc3 d5
9.Bd3 Be7 10.O-O Bd7 11.Rb1 Na5 12.Qe2 Rc8 13.Bd2 b6 14.h3 Nc4 15.Be1 Ba4
16.Nh2 Na3 17.Rc1 Qd7 18.Qb2 Bb5 19.Qe2 Bxd3 20.Qxd3 Qb5 21.Qd2 Qc4 22.Ng4 Nb5
23.Ne3 Qa4 24.f4 Na3 25.Qe2 Nc4 26.Nd1 Rc7 27.f5 Bg5 28.Rc2 Ne3 29.Nxe3 Bxe3+
30.Bf2 Bxf2+ 31.Qxf2 exf5 32.Qxf5 O-O 33.Rcf2 Re7 34.e6 Qe8 35.exf7+ Rfxf7
36.Qxd5 Re6 37.Rxf7  1-0

[Event "Ljubljana op 10th"]
[Site "Ljubljana"]
[Date "1999.06.29"]
[Round "5"]
[White "Praznik, Anton"]
[Black "Tratar, Marko"]
[Result "1/2-1/2"]
[WhiteElo "2217"]
[BlackElo "2450"]

1.e4 c5 2.c3 Nf6 3.d3 Nc6 4.Nd2 g6 5.Ngf3 Bg7 6.g3 O-O 7.Bg2 b6 8.O-O Ba6
9.Qc2 d5 10.Rd1 e5 11.exd5 Nxd5 12.Nc4 Bb7 13.Re1 Qc7 14.a4 Rad8 15.Bd2 Bc8
16.Rad1 h6 17.Bc1 Be6 18.h3 Rfe8 19.Kh2 Nde7 20.Nfd2 Rd7 21.Bf1 Red8 22.Kg1 f5
23.f4 Bf7 24.Nf3 Bxc4 25.dxc4 e4 26.Nh4 Rxd1 27.Rxd1 Rxd1 28.Qxd1 Qd8 29.Qxd8+ Nxd8
30.Ng2 Ndc6 31.Ne3 Na5 32.Nd5 Nxd5 33.cxd5 c4 34.g4 Kf7 35.gxf5 gxf5 36.Be2 Bf8
37.Bh5+ Kf6 38.Be3 Nb7 39.Bd4+ Ke7 40.Bg6 Kd6 41.Bf7 Nc5 42.Bxc5+ Kxc5 43.Kf2 a6
44.Ke3 b5 45.axb5 axb5 46.Be6 b4 47.Bxf5 bxc3 48.bxc3 Kxd5 49.Bxe4+ Kc5 50.Bc2 Bg7
51.Ke4 Bxc3 52.Kf5 Kd6 53.Kg6 Ke7 54.h4 Bd2 55.f5 Kf8  1/2-1/2

[Event "Ljubljana op 10th"]
[Site "Ljubljana"]
[Date "1999.06.30"]
[Round "6"]
[White "Fercec, Nenad"]
[Black "Volzhin, Alexander"]
[Result "0-1"]
[WhiteElo "2495"]
[BlackElo "2548"]

1.e4 c5 2.c3 Nf6 3.e5 Nd5 4.d4 cxd4 5.Nf3 e6 6.cxd4 d6 7.Bc4 Nb6 8.Be2 Bd7
9.Nc3 Bc6 10.O-O N8d7 11.Nb5 Nd5 12.Bg5 Qb8 13.Bh4 a6 14.Nxd6+ Bxd6 15.exd6 Qxd6
16.Bg3 Qe7 17.Nd2 O-O 18.Nc4 Rfc8 19.Re1 N7b6 20.Ne5 Ba4 21.b3 Nc3 22.Qd2 Nxe2+
23.Rxe2 Bb5 24.Re4 f6 25.Bh4 Nd5 26.Rae1 Qb4 27.Qxb4 Nxb4 28.a4 Bd3 29.Nxd3 Nxd3
30.Rd1 Kf7 31.h3 Nb4 32.Re3 Nd5 33.Red3 Rc2 34.Bg3 Rac8 35.Kf1 Re2 36.R1d2 Rxd2
37.Rxd2 Rc3 38.Rb2 Rd3 39.Ke2 Rxd4 40.Rc2 Rb4 41.Rc8 Rxb3 42.a5 e5 43.Rd8 Ke6
44.Rg8 g5 45.h4 gxh4 46.Bxh4 Rb5 47.Rg7 h5 48.g3 Ne7 49.Rh7 Rxa5 50.Rh6 Nd5
51.Rxh5 Rb5 52.Rh6 a5 53.g4 a4  0-1

[Event "Swidnica op"]
[Site "Swidnica"]
[Date "1999.06.30"]
[Round "3"]
[White "Vysochin, Spartak"]
[Black "Jaracz, Pawel"]
[Result "1/2-1/2"]
[WhiteElo "2482"]
[BlackElo "2439"]

1.e4 c5 2.c3 Nf6 3.e5 Nd5 4.Nf3 e6 5.d4 cxd4 6.cxd4 d6 7.Bc4 Nb6 8.Bd3 Nc6
9.a3 dxe5 10.dxe5 Nd7 11.Bb5 Qc7 12.Bf4 a6 13.Bxc6 Qxc6 14.O-O b5 15.Nc3 Bb7
16.Rc1 Be7 17.Re1 Rd8 18.Ne4 Nxe5 19.Nxe5 Rxd1 20.Nxc6 Rxe1+ 21.Rxe1 Bxc6
22.Nd6+ Bxd6 23.Bxd6 Kd7 24.Bb4 f6 25.f3 Ra8 26.Ba5 g5 27.Rd1+ Bd5 28.Rc1 Bc4
29.Rd1+ Ke7 30.Bb4+ Kf7 31.Rd7+ Kg6 32.Ba5 h5 33.Rd8 Ra7 34.Rd6 Kf5 35.Kf2 g4
36.Bb6 Rg7 37.Ba5 gxf3 38.gxf3 h4 39.Rd1 Bd5 40.Rd2 h3 41.Bc3 Bb7 42.Ke3 e5
43.Rf2 Rg2 44.Ba5 Bd5 45.Rd2 Ke6 46.f4 Rg1 47.f5+ Kd6 48.Rc2 Kd7  1/2-1/2

[Event "Ljubljana op 10th"]
[Site "Ljubljana"]
[Date "1999.07.02"]
[Round "8"]
[White "Sermek, Drazen"]
[Black "Cirkvencic, Franci"]
[Result "1-0"]
[WhiteElo "2540"]
[BlackElo "2179"]

1.e4 c5 2.c3 Nf6 3.e5 Nd5 4.Nf3 Nc6 5.b4 cxb4 6.c4 Nc7 7.d4 d5 8.exd6 Qxd6
9.Bb2 Bg4 10.d5 O-O-O 11.Nbd2 Nb8 12.Be2 Nd7 13.O-O f6 14.Ne4 Qf4 15.Nd4 Bxe2
16.Qxe2 h5 17.g3 Qg4 18.f3 Qg6 19.Ne6 Nxe6 20.dxe6 Nb8 21.Rfd1 Qe8 22.Rxd8+ Qxd8
23.Rd1 Qc7 24.c5 g6 25.Kg2 Bg7 26.Nd6+ exd6 27.cxd6 Qd8 28.d7+ Nxd7 29.Rxd7  1-0

[Event "Swidnica op"]
[Site "Swidnica"]
[Date "1999.07.02"]
[Round "5"]
[White "Vysochin, Spartak"]
[Black "Cmilyte, Viktorija"]
[Result "1-0"]
[WhiteElo "2482"]
[BlackElo "2310"]

1.e4 c5 2.c3 Nf6 3.e5 Nd5 4.Nf3 e6 5.Bc4 Nb6 6.Bb3 c4 7.Bc2 Nc6 8.d4 cxd3
9.Qxd3 Qc7 10.Qe2 d6 11.exd6 Bxd6 12.O-O Nd5 13.c4 Nf4 14.Qe3 Bd7 15.a3 Ne7
16.Nbd2 f5 17.b4 b6 18.Bb2 O-O 19.Ne5 Neg6 20.Ndf3 Bc8 21.Nxg6 Nxg6 22.Rfe1 Bf4
23.Qe2 Bd7 24.Rad1 Rad8 25.g3 Bd6 26.Ng5 Bc8 27.Nxe6 Bxe6 28.Qxe6+ Kh8 29.Bxf5 Rxf5
30.Qxd6 Qb7 31.Qd5 Qxd5 32.Rxd5 Rb8 33.Rd7  1-0

[Event "SVK-ch"]
[Site "Nove Zamky"]
[Date "1999.07.03"]
[Round "1"]
[White "Szegi, Tamas"]
[Black "Plachetka, Jan"]
[Result "0-1"]
[WhiteElo "2092"]
[BlackElo "2408"]

1.e4 c5 2.c3 Nf6 3.e5 Nd5 4.d4 cxd4 5.Qxd4 e6 6.Bc4 Nc6 7.Qe4 d6 8.Nf3 dxe5
9.Nxe5 Bd6 10.Bb5 Qc7 11.Nc4 Be7 12.Ne3 Nf6 13.Qf3 O-O 14.O-O Bd7 15.Qe2 a6
16.Ba4 Rfd8 17.Bc2 Ne5 18.b3 Ng6 19.Rd1 Bc6 20.Nd2 Nf4 21.Qf1 Qe5 22.Ndc4 Qh5
23.f3 Rxd1 24.Bxd1 Rd8 25.Bc2 b5 26.Na5 Ba8 27.c4 Bb4  0-1

[Event "NOR-ch"]
[Site "Gausdal"]
[Date "1999.07.05"]
[Round "4"]
[White "Myhrvold, Rune"]
[Black "Nordahl, Helge"]
[Result "1/2-1/2"]
[WhiteElo "2249"]
[BlackElo "2256"]

1.e4 c5 2.c3 Nf6 3.e5 Nd5 4.d4 cxd4 5.Nf3 e6 6.cxd4 b6 7.Bd3 Bb4+ 8.Bd2 Bxd2+
9.Qxd2 Ba6 10.Be4 Nc6 11.Bxd5 exd5 12.Nc3 Nb4 13.a3 Nd3+ 14.Kd1 Bc4 15.Ne1 Nxe1
16.Rxe1 Bb3+ 17.Ke2 Bc4+ 18.Kf3 Qh4  1/2-1/2

[Event "Swidnica op"]
[Site "Swidnica"]
[Date "1999.07.05"]
[Round "8"]
[White "Vysochin, Spartak"]
[Black "Filippov, Valerij"]
[Result "1/2-1/2"]
[WhiteElo "2482"]
[BlackElo "2574"]

1.e4 c5 2.c3 Nf6 3.e5 Nd5 4.Nf3 e6 5.Bc4 d6 6.d4 cxd4 7.cxd4 Nb6 8.Bd3 Nc6
9.a3 dxe5 10.dxe5 Nd7 11.Bf4 Nc5 12.Bc2 Qxd1+ 13.Kxd1 a5 14.Nc3 Be7 15.Ne4 O-O
16.Ke2 b6 17.Rhd1 Ba6+ 18.Ke1 Rad8 19.Nxc5 Bxc5 20.Rxd8 Rxd8 21.Rd1 Rxd1+
22.Bxd1 h6 23.Bd2 Bc4 24.Be2 Bd5 25.Bc3 g5 26.h3 Kg7 27.Bb5 Be4 28.Ke2 Ne7
29.Bc4 Nd5 30.Bxd5 Bxd5 31.b4 axb4 32.axb4 Be7 33.Ke3 Kf8 34.Ne1 Ke8 35.f3 Kd7
36.Nc2 Bd8 37.Nd4 Bc4 38.g3 h5 39.Be1 Bf1 40.h4 gxh4 41.gxh4 f6 42.f4 fxe5
43.fxe5 Bc4 44.Kd2 Be7 45.Kc3 Bd5 46.Bf2 Bf8 47.Be3  1/2-1/2

[Event "Politiken Cup"]
[Site "Copenhagen"]
[Date "1999.07.08"]
[Round "6"]
[White "Larsen, Peter"]
[Black "Van der Weide, Karel"]
[Result "1-0"]
[WhiteElo "2259"]
[BlackElo "2434"]

1.e4 c5 2.c3 Nf6 3.e5 Nd5 4.d4 cxd4 5.Nf3 Nc6 6.cxd4 d6 7.Bc4 Nb6 8.Bb5 dxe5
9.Nxe5 Bd7 10.Bxc6 Bxc6 11.Nxc6 bxc6 12.O-O g6 13.Bg5 Bg7 14.Re1 O-O 15.Bxe7 Qxd4
16.Nc3 Qxd1 17.Raxd1 Rfb8 18.Rd6 Re8 19.Kf1 Rac8 20.Re2 a6 21.Nd1 Nd5 22.Bg5 Be5
23.Rd7 f6 24.Bd2 Red8 25.Rxd8+ Rxd8 26.Ba5 Rb8 27.Rc2 Rb5 28.Bd2 Ne7 29.b3 Kf7
30.Ne3 Ke6 31.g3 Kd7 32.Rc4 Kc8 33.Bb4 Nd5 34.Nxd5 Rxd5 35.Rxc6+ Kb7 36.Re6 Rd7
37.f4 Bd4 38.Ke2 f5 39.h3 Bb6 40.g4 Bc7 41.gxf5 gxf5 42.Bc5 Rg7 43.Kf3 Rg6
44.Re7 Rh6 45.h4 Kc6 46.Bf2 Bb6 47.Bxb6 Kxb6 48.Kg3 Rg6+ 49.Kh3 Rg4 50.Re6+ Kb7
51.Rh6 Rxf4 52.Rxh7+ Kb6 53.h5 a5 54.Rg7 Rf1 55.Rg2 Rf3+ 56.Kh4 Rf1 57.Rh2 Rg1
58.h6  1-0

[Event "Politiken Cup"]
[Site "Copenhagen"]
[Date "1999.07.11"]
[Round "8"]
[White "Jonkman, Harmen"]
[Black "Christensen, Thomas"]
[Result "0-1"]
[WhiteElo "2421"]
[BlackElo "2231"]

1.e4 c5 2.c3 Nf6 3.e5 Nd5 4.Nf3 e6 5.d4 cxd4 6.cxd4 b6 7.Bd3 Bb4+ 8.Bd2 Bxd2+
9.Nfxd2 d6 10.Nc3 Nxc3 11.bxc3 Bb7 12.Qg4 g6 13.f4 Qe7 14.O-O Nd7 15.Nc4 dxe5
16.fxe5 O-O 17.Qg3 Ba6 18.Nb2 Bxd3 19.Nxd3 Qa3 20.Nf4 b5 21.Rf3 b4 22.Raf1 Rac8
23.Ne2 Qxa2 24.R3f2 b3 25.Nc1 Qa4 26.Rb2 Rb8 27.Qd3 Qa3 28.Qb1 Rfc8 29.Rf3 a5
30.h3 a4 31.Kh2 Nb6 32.Rbf2 Rc7 33.Nd3 Nc4 34.Nc5 Rxc5 35.dxc5 Qxc5 36.Rxf7 b2
37.Rxh7 Qxe5+ 38.g3 Kxh7 39.h4 Kh6 40.Qd3 b1=Q 41.Qxc4 Qbe4  0-1

[Event "Korinthos op 3rd"]
[Site "Korinthos"]
[Date "1999.07.11"]
[Round "8"]
[White "Tzermiadianos, Andreas"]
[Black "Lekic, Dusan"]
[Result "1-0"]
[WhiteElo "2432"]
[BlackElo "2381"]

1.e4 c5 2.c3 Nf6 3.e5 Nd5 4.Nf3 b6 5.Bc4 Bb7 6.O-O e6 7.d4 cxd4 8.Qxd4 Nc6
9.Qg4 Nde7 10.Bd3 Ng6 11.Bxg6 hxg6 12.Nbd2 d6 13.exd6 Bxd6 14.Nc4 Bc7 15.Bf4 Ne7
16.Rad1 Nd5 17.Bg3 Qe7 18.Nce5 Rh6 19.Qa4+ Kf8 20.c4 Nf6 21.Nd7+  1-0

[Event "Bydgoszcz Bank Pocztowy op"]
[Site "Bydgoszcz"]
[Date "1999.07.13"]
[Round "2"]
[White "Vysochin, Spartak"]
[Black "Simantsev, Mikhail"]
[Result "1-0"]
[WhiteElo "2487"]
[BlackElo "2409"]

1.e4 c5 2.c3 Nf6 3.e5 Nd5 4.Nf3 Nc6 5.Na3 g6 6.Qb3 Nc7 7.d4 Bg7 8.Bf4 cxd4
9.cxd4 b6 10.Be2 O-O 11.Rc1 Bb7 12.O-O Rc8 13.Nb5 Na5 14.Qa3 Nxb5 15.Bxb5 Rxc1
16.Rxc1 f6 17.exf6 Rxf6 18.Bg5 Rf5 19.Bd3 Rf7 20.Ne5 Bxe5 21.dxe5 Qf8 22.Be3 Bd5
23.Rc7 Nc6 24.Ba6 Qg7 25.Qc3 e6 26.f4 g5 27.fxg5 Nxe5 28.Rxa7 Qg6 29.Rc7 Qe4
30.Qd2 Ng4 31.Rc8+ Rf8 32.Rxf8+ Kxf8 33.Bxb6 Qb1+ 34.Bf1 Qe4 35.h3 Ne5 36.Qd4 Qf5
37.Bc5+ Kg8 38.Qf2 Nc6 39.Qxf5 exf5 40.a4 Na5 41.b4 Nb3 42.Bd6 Nd4 43.b5 Kf7
44.a5 Ke6 45.Bc5 Nb3 46.Bb4 d6 47.a6  1-0

[Event "Bydgoszcz Bank Pocztowy op"]
[Site "Bydgoszcz"]
[Date "1999.07.14"]
[Round "3"]
[White "Vysochin, Spartak"]
[Black "Malakhatko, Vadim"]
[Result "1/2-1/2"]
[WhiteElo "2487"]
[BlackElo "2537"]

1.e4 c5 2.c3 Nf6 3.e5 Nd5 4.d4 cxd4 5.Nf3 Nc6 6.Bc4 Nb6 7.Bb3 d6 8.exd6 Qxd6
9.O-O Be6 10.Bxe6 Qxe6 11.Nxd4 Nxd4 12.Qxd4 Rd8 13.Qh4 Qe2 14.Be3 Qxb2 15.Nd2 Rxd2
16.Bxd2 Qxd2 17.Rfd1 Qh6 18.Qg3 Qc6 19.Rab1 f6 20.Qb8+ Kf7 21.Qxa7 Nd5 22.Qxb7 Qxb7
23.Rxb7 Nxc3 24.Rd8 Nxa2 25.Rc8 g6 26.Rbb8 f5 27.Kf1 Rg8 28.Ke2 Nc3+ 29.Rxc3 Bg7
30.Rxg8 Kxg8  1/2-1/2

[Event "Politiken Cup"]
[Site "Copenhagen"]
[Date "1999.07.14"]
[Round "11"]
[White "Jonkman, Harmen"]
[Black "Petersen, Steen"]
[Result "1-0"]
[WhiteElo "2421"]
[BlackElo "2166"]

1.e4 c5 2.c3 Nf6 3.e5 Nd5 4.Nf3 e6 5.d4 cxd4 6.cxd4 b6 7.Nc3 Nxc3 8.bxc3 Qc7
9.Bd2 Bb7 10.Bd3 d6 11.O-O Nd7 12.Ng5 dxe5 13.Qh5 g6 14.Qh3 Be7 15.Rae1 Qd6
16.Bb5 a6 17.Bxd7+ Qxd7 18.f4 exd4 19.cxd4 h5 20.Qd3 Qb5 21.Qg3 h4 22.Qf2 h3
23.Re5 hxg2 24.Rxb5 gxf1=Q+ 25.Qxf1 axb5 26.Qxb5+ Kf8 27.Bb4 Rd8 28.Qe5 Rh5
29.Qf6 Bxb4 30.Qxf7+  1-0